[Event "Mentese Flowers WGM Chess-ch 2022"]
[Site "Mentese-Mugla"]
[Date "2022.02.10"]
[Round "9.2"]
[White "Ince, Safiye Oyku"]
[Black "Al Khatib, Ahmad"]
[Result "1-0"]
[WhiteElo "1893"]
[BlackElo "2219"]
[Annotator "TA"]
[PlyCount "87"]
[EventDate "2022.02.06"]
[EventCountry "TUR"]
[SourceTitle "playchess.com"]
[Source "ChessBase"]
[SourceQuality "1"]

{[%evp 9,87,15,40,50,50,27,33,27,27,30,41,24,43,0,0,-13,0,0,0,0,0,-13,-3,-12,0,0,0,0,0,-2,-15,-53,-43,-38,-25,-67,0,-87,-19,-16,0,0,0,0,0,12,4,-142,-146,-133,0,0,174,10,20,8,513,523,503,460,691,679,1153,1143,1192,1236,1207,1207,1115,1099,1153,1020,1135,1121,29986,29972,29990,29991,29991,29992]} 1. e4 c6 2. Nf3 d5 3. Nc3 Bg4 4. Be2 Bxf3 5. Bxf3 e6 6. d4 {B11: Caro-Kann: Two Knights Variation.} Nf6 7. e5 Nfd7 8. Ne2 {White is slightly better.} c5 9. c3 cxd4 10. cxd4 ({Of course not} 10. Nxd4 Nxe5 11. Bh5 g6 $17) 10... Bb4+ {[#]} 11. Bd2 $146 (11. Kf1 $14) ({Predecessor:} 11. Kf1 Nc6 12. a3 Be7 13. g3 Qb6 14. Kg2 O-O 15. h4 Na5 16. Bg5 Rfe8 17. b4 {0-1 (51) Zylka,S (2406)-Donchenko,A (2636) Katowice 2021}) 11... Qa5 $11 12. Bc3 Nc6 13. O-O Bxc3 14. bxc3 O-O 15. g3 b5 16. Bg2 Rac8 17. a3 Nb6 {[%cal Bd7b6,Bb6a4,Ba4b2,Bb2c4][%mdl 32]} 18. f4 Na4 19. Rc1 Nb2 {[%csl LRa3,LRd1] Pair of Knights!} 20. Qb3 Nc4 {And now ...Nd2 would win.} 21. Rf2 Qxa3 22. Qxb5 (22. Qxa3 $11 {is superior.} Nxa3 23. f5) 22... a6 ({Better is} 22... g6 $15) 23. Qb7 {[#]} (23. Qb1 $1 $11) 23... N6a5 (23... g6 $1 $17) 24. Qb1 Rb8 25. Qd3 Rb2 {[%cal Ob2e2] aiming for ...Rxe2!} 26. Re1 Rd2 27. Qf3 {Threatening f5.} Nb2 $1 28. Nc1 {Inhibits Nd3.} (28. Rff1 $1 $11 {was the only way to keep the balance.} Nd3 29. Rd1) 28... Rxf2 $17 29. Kxf2 Rc8 (29... Nac4 $17 {Hoping for ...Nd2.} 30. f5 Nd2) 30. Ne2 $11 Qb3 $2 {[#]} (30... g6 $11) 31. Kg1 $2 ({White has to play} 31. f5 $1 $18 {[%cal Rf5e6] Threatens to win with fxe6.} Rf8 32. Kg1) 31... Qc2 $1 32. f5 Nac4 $2 {[%mdl 8192] A mistake that costs the game.} (32... exf5 $11 {and Black has nothing to worry.} 33. Nf4 (33. Qxd5 Qd2 $16) 33... Qxc3 34. Qxc3 Rxc3) 33. fxe6 $18 fxe6 34. Rf1 {Qf7+ would kill now.} Qg6 {To avoid Qf7+} (34... Qf5 $142 35. Qxf5 exf5 36. Bxd5+ Kh8 37. Rxf5 Ne3) 35. Nf4 {[%cal Be2f4,Bf4e6,Be6c5,Bc5b7][%mdl 32]} Qf7 36. Bh3 Re8 37. Bxe6 Rxe6 38. Nxe6 Qxf3 39. Rxf3 {[%csl Ge6][%cal Rf3f8] KRN-KNN} h6 40. Rf8+ Kh7 41. Nc5 {White threatens Nb7 and mate.} a5 42. e6 {[%cal Be5e6,Be6e7][%mdl 32] White mates.} Nd1 43. e7 Nd6 {[#]} 44. Nb7 $1 {[%mdl 512] Weighted Error Value: White=0.26 (precise) /Black=0.59} 1-0

[Event "Mentese Flowers WGM Chess-ch 2022"]
[Site "Mentese-Mugla"]
[Date "2022.02.10"]
[Round "10.1"]
[White "Al Khatib, Ahmad"]
[Black "Hekimoglu, Mihriban"]
[Result "1-0"]
[WhiteElo "2219"]
[BlackElo "1479"]
[Annotator "TA"]
[PlyCount "31"]
[EventDate "2022.02.06"]
[EventCountry "TUR"]
[SourceTitle "playchess.com"]
[Source "ChessBase"]
[SourceQuality "1"]

{[%evp 11,31,3,79,68,83,100,141,115,135,126,135,137,471,493,450,404,447,407,373,395,467,461]} 1. e4 e5 2. Nf3 Nc6 3. Bb5 a6 4. Ba4 Nf6 5. d4 exd4 6. O-O Bc5 {[#]} (6... Be7 $11) 7. e5 $1 $16 {C77: Ruy Lopez: 3...a6 4 Ba4 Nf6, unusual lines.} Nd5 8. c3 {[%cal Bc2c3,Bc3d4][%mdl 32]} O-O ({Black should play} 8... Be7) 9. cxd4 {White is clearly better.} Ba7 10. Bb3 Nce7 11. Bg5 {[#] And now Bxd5 would win.} Nb6 $146 {[%mdl 8192]} (11... c6 $16) ({Predecessor:} 11... h6 12. Bh4 Qe8 13. Nbd2 d6 14. Ne4 dxe5 15. Nxe5 Be6 16. Re1 Nf5 17. Bg3 Nxd4 18. Bxd5 Bxd5 {0-1 (25) Rudykh,S (2218)-Iljushina,O (2035) Chess.com INT 2021}) 12. Re1 $18 h6 13. Bh4 Re8 14. Nc3 {Black must now prevent Qe2.} d5 15. exd6 Qxd6 16. Ne4 {Black did not feel at home in the position after the opening.  Weighted Error Value: White=0.07 (flawless) /Black=0.85} 1-0

[Event "Mentese Flowers WGM Chess-ch 2022"]
[Site "Mentese-Mugla"]
[Date "2022.02.10"]
[Round "10.3"]
[White "Huseyinoglu, Alihan"]
[Black "Boshra, Alshaeby"]
[Result "1-0"]
[WhiteElo "2312"]
[BlackElo "1911"]
[Annotator "ChessBase"]
[PlyCount "132"]
[EventDate "2022.02.06"]
[EventCountry "TUR"]
[SourceTitle "playchess.com"]
[Source "ChessBase"]
[SourceQuality "1"]
[TimeControl "5400+30"]

1. d4 {[%emt 0:01:00]} Nf6 {[%emt 0:04:00]} 2. c4 {[%emt 0:00:00]} g6 {[%emt 0:00:30]} 3. Nc3 {[%emt 0:00:00]} Bg7 {[%emt 0:00:30]} 4. e4 {[%emt 0:00:30]} d6 {[%emt 0:00:00]} 5. f4 {[%emt 0:00:30]} O-O {[%emt 0:00:00]} 6. Nf3 {[%emt 0:00:00]} c5 {[%emt 0:00:30]} 7. dxc5 {[%emt 0:00:00]} Na6 {[%emt 0:00:30]} 8. cxd6 {[%emt 0:38:30]} exd6 {[%emt 0:00:00]} 9. Bd3 {[%emt 0:01:30]} Qb6 {[%emt 0:00:00]} 10. Qb3 {[%emt 0:17:30]} Qxb3 {[%emt 0:31:30]} 11. axb3 {[%emt 0:00:30]} Nc5 {[%emt 0:00:30]} 12. Bc2 {[%emt 0:01:30]} Nfxe4 {[%emt 0:00:30]} 13. Nxe4 {[%emt 0:03:30]} Nxe4 {[%emt 0:00:30]} 14. O-O {[%emt 0:00:30]} Re8 {[%emt 0:08:30]} 15. Re1 {[%emt 0:03:30]} f5 {[%emt 0:01:30]} 16. Be3 {[%emt 0:06:30]} Bxb2 {[%emt 0:05:30]} 17. Rxa7 {[%emt 0:00:30]} Rxa7 {[%emt 0:00:30]} 18. Bxa7 {[%emt 0:00:30]} Bd7 {[%emt 0:00:30]} 19. Bd4 {[%emt 0:03:30]} Bxd4+ {[%emt 0:09:30]} 20. Nxd4 {[%emt 0:00:00]} Nc3 {[%emt 0:00:30]} 21. Kf2 {[%emt 0:03:16]} Rxe1 {[%emt 0:01:30]} 22. Kxe1 {[%emt 0:00:03]} Na2 {[%emt 0:12:30]} 23. Kd2 {[%emt 0:02:59]} Kf7 {[%emt 0:03:13]} 24. Bd1 {[%emt 0:02:32]} Bc6 {[%emt 0:01:02]} 25. g3 {[%emt 0:04:53]} Ke7 {[%emt 0:03:02]} 26. Nc2 {[%emt 0:03:18]} Be4 {[%emt 0:00:10]} 27. Ne3 {[%emt 0:00:45]} Ke6 {[%emt 0:06:33]} 28. Bc2 {[%emt 0:01:21]} Bxc2 {[%emt 0:02:27]} 29. Kxc2 {[%emt 0:03:02]} Nb4+ {[%emt 0:00:35]} 30. Kc3 {[%emt 0:00:01]} Na2+ {[%emt 0:02:21]} 31. Kd4 {[%emt 0:00:23]} Nb4 {[%emt 0:02:28]} 32. Nd5 {[%emt 0:01:52]} Nc2+ {[%emt 0:03:55]} 33. Kc3 {[%emt 0:00:58]} Ne1 {[%emt 0:00:07]} 34. h3 {[%emt 0:01:09]} Nf3 {[%emt 0:00:26]} 35. Kd3 {[%emt 0:00:09]} Ng1 {[%emt 0:01:02]} 36. h4 {[%emt 0:00:15]} Nf3 {[%emt 0:00:29]} 37. Nc7+ {[%emt 0:00:46]} Kd7 {[%emt 0:00:11]} 38. Nb5 {[%emt 0:00:05]} Nh2 {[%emt 0:00:48]} 39. Ke3 {[%emt 0:01:28]} Nf1+ {[%emt 0:00:24]} 40. Kf2 {[%emt 0:00:03]} Nd2 {[%emt 0:00:10]} 41. Nd4 {[%emt 0:00:06]} Ne4+ {[%emt 0:00:33]} 42. Kf3 {[%emt 0:00:06]} Nd2+ {[%emt 0:00:36]} 43. Ke3 {[%emt 0:01:35]} Nf1+ {[%emt 0:00:33]} 44. Kf2 {[%emt 0:00:34]} Nd2 {[%emt 0:00:27]} 45. h5 {[%emt 0:00:36]} gxh5 {[%emt 0:00:26]} 46. Ke3 {[%emt 0:00:37]} Nf1+ {[%emt 0:00:38]} 47. Kf2 {[%emt 0:00:01]} Nd2 {[%emt 0:00:07]} 48. Ke2 {[%emt 0:00:21]} Ne4 {[%emt 0:01:04]} 49. Nxf5 {[%emt 0:00:04]} Ke6 {[%emt 0:00:55]} 50. Ng7+ {[%emt 0:01:30]} Kf6 {[%emt 0:00:35]} 51. Nxh5+ {[%emt 0:00:05]} Kf5 {[%emt 0:00:38]} 52. Ke3 {[%emt 0:00:16]} Nc5 {[%emt 0:00:26]} 53. b4 {[%emt 0:01:07]} Ne6 {[%emt 0:00:24]} 54. b5 {[%emt 0:00:31]} h6 {[%emt 0:00:38]} 55. Kf3 {[%emt 0:00:14]} Nd4+ {[%emt 0:00:06]} 56. Ke3 {[%emt 0:00:02]} Ne6 {[%emt 0:00:12]} 57. b6 {[%emt 0:01:08]} Nc5 {[%emt 0:01:18]} 58. Ng7+ {[%emt 0:00:41]} Kf6 {[%emt 0:00:17]} 59. Ne8+ {[%emt 0:00:11]} Ke7 {[%emt 0:00:20]} 60. Nc7 {[%emt 0:00:12]} Na4 {[%emt 0:00:50]} 61. Nd5+ {[%emt 0:00:14]} Ke6 {[%emt 0:00:29]} 62. g4 {[%emt 0:00:11]} Kf7 {[%emt 0:00:32]} 63. Kd4 {[%emt 0:00:47]} Kg7 {[%emt 0:00:27]} 64. Ne7 {[%emt 0:01:02]} Kf6 {[%emt 0:00:31]} 65. Nd5+ {[%emt 0:00:30]} Kf7 {[%emt 0:00:30]} 66. f5 {[%emt 0:00:24]} Nc5 {[%emt 0:00:00]} 1-0